=LDR 00000nam 2200000 4500 =001 NUTBA000000000003637 =005 20140823161600.0 =006 =007 =008 =035 ##$$a 0010-081400000000482 =040 ##$$a Ind =082 ##$$a 649. 122 =090 ##$$a 649.122$bKas p =100 ##$$a Kasdu, dini =245 ##$$a Perawatan bayi baru$bPetunjuk praktis untuk orang tua$cDini kasdu =260 ##$$a Jakarta$bPublishers$c2004. =300 ##$$a 63 HLm$bIlus$c20 cm. =850 ##$$a NBPNMAT =990 ##$$a 10407804 =990 ##$$a 0001/BPAP-NTB/20142014